000 01349cam a2200133 4500500
005 20260208000018.0
041 _afre
042 _adc
100 1 0 _aNédélec, Pascale
_eauthor
245 0 0 _aGéographie urbaine
260 _bArmand Colin,
_c2025.
520 _aL’urbanisation de la planète se généralise, et les prévisions annoncent près de 70  % de citadins dans le monde à l’horizon 2050. Cet ouvrage analyse ce processus d’une ampleur inégalée, ses dynamiques et ses conséquences spatiales et sociales, et examine le rôle des villes et de leurs habitants dans les évolutions contemporaines des sociétés. Il s’organise en trois temps forts : •INTRODUCTION : questions essentielles, objectifs de connaissances par chapitre, lectures indispensables et notions clés à maîtriser. •COURS : savoirs fondamentaux assortis d’exemples localisés, de définitions et de focus thématiques, d’une page d’entraînement et d’une étude de cas mobilisant des documents géographiques. •MÉTHODES : méthodologie détaillée de chaque type d’exercice, avec son application commentée. Tous les corrigés et les compléments numériques sont disponibles dans la rubrique "ressources numériques".
856 4 1 _uhttps://shs.cairn.info/geographie-urbaine--9782200639365?lang=fr&redirect-ssocas=7080
999 _c1643445
_d1643445